[Event "IECG CP.2003.P.00062 email"]
[Site "IECG email"]
[Date "2003.10.01"]
[Round "?"]
[White "Lehnhoff, Heinz Georg"]
[Black "Sturdivant, Al"]
[Result "1-0"]
[WhiteElo "1900"]
[BlackElo "1351"]
[PlyCount "36"]
[EventDate "2003.10.01"]
[EventType "tourn (corr)"]
[EventRounds "6"]
[EventCountry "HUN"]
[SourceTitle "Corr 2008"]
[Source "ChessBase"]
[SourceDate "2008.06.24"]
[SourceVersion "1"]
[SourceVersionDate "2008.06.24"]
[SourceQuality "1"]

1. d4 f5 2. c4 e6 3. g3 d5 4. Bg2 Nc6 5. cxd5 exd5 6. Nc3 Bb4 7. Nh3 Nf6 8. Bg5 h6 9. Bxf6 Qxf6 10. Nf4 Qxd4 11. Nfxd5 Bxc3+ 12. bxc3 Qe5 13. Qb3 Nd8 14. Qa3 g5 15. f4 gxf4 16. gxf4 Qg7 17. Bf3 Be6 18. 0-0-0 Bxd5 1-0

[Event "IECG CP.2003.P.00062 email"]
[Site "IECG email"]
[Date "2003.10.01"]
[Round "?"]
[White "Lorenzi, Matteo"]
[Black "Sturdivant, Al"]
[Result "1-0"]
[WhiteElo "1525"]
[BlackElo "1351"]
[PlyCount "45"]
[EventDate "2003.10.01"]
[EventType "tourn (corr)"]
[EventRounds "6"]
[EventCountry "HUN"]
[SourceTitle "Corr 2008"]
[Source "ChessBase"]
[SourceDate "2008.06.24"]
[SourceVersion "1"]
[SourceVersionDate "2008.06.24"]
[SourceQuality "1"]

1. d4 f5 2. Nf3 e6 3. c4 Nf6 4. Nc3 d5 5. Bf4 Be7 6. e3 Ne4 7. cxd5 exd5 8. Ne5 0-0 9. Nxd5 Be6 10. Nxe7+ Qxe7 11. Qa4 c6 12. Bc4 Nd7 13. Nxd7 Qxd7 14. Be2 b5 15. Qa5 Qd8 16. Qxd8 Raxd8 17. a4 a6 18. f3 g5 19. Be5 Nf6 20. Kd2 Nd7 21. Bc7 Rc8 22. Bd6 Rfe8 23. axb5 1-0

[Event "IECG CP.2002.Q.00022 email"]
[Site "IECG email"]
[Date "2003.10.01"]
[Round "?"]
[White "Sakai, Kiyotaka"]
[Black "Sturdivant, Al"]
[Result "1-0"]
[WhiteElo "2546"]
[BlackElo "1351"]
[PlyCount "59"]
[EventDate "2003.10.01"]
[EventType "tourn (corr)"]
[EventRounds "10"]
[SourceTitle "Corr 2008"]
[Source "ChessBase"]
[SourceDate "2008.06.24"]
[SourceVersion "1"]
[SourceVersionDate "2008.06.24"]
[SourceQuality "1"]

1. e4 e6 2. d4 d5 3. Nc3 Nf6 4. Bg5 Be7 5. e5 Ng8 6. Be3 b6 7. Qg4 g6 8. Nf3 h5 9. Qf4 Ba6 10. Bxa6 Nxa6 11. 0-0-0 c5 12. h3 Qd7 13. Kb1 c4 14. g4 b5 15. Ng5 Bxg5 16. Qxg5 b4 17. Ne2 b3 18. cxb3 cxb3 19. a3 Rc8 20. Nf4 Qe7 21. Qxe7+ Nxe7 22. gxh5 g5 23. Ne2 Rxh5 24. Ng3 Rh7 25. Rd3 Rc4 26. Rxb3 Rh4 27. Bxg5 Rhxd4 28. h4 Rg4 29. Nh5 Ng8 30. f4 1-0

[Event "IECG CP.2002.Q.00022 email"]
[Site "IECG email"]
[Date "2003.10.01"]
[Round "?"]
[White "Tavani, Alberto"]
[Black "Sturdivant, Al"]
[Result "1-0"]
[WhiteElo "1826"]
[BlackElo "1351"]
[PlyCount "61"]
[EventDate "2003.10.01"]
[EventType "tourn (corr)"]
[EventRounds "10"]
[SourceTitle "Corr 2008"]
[Source "ChessBase"]
[SourceDate "2008.06.24"]
[SourceVersion "1"]
[SourceVersionDate "2008.06.24"]
[SourceQuality "1"]

1. e4 e6 2. d4 d5 3. Nc3 Nf6 4. Bg5 Be7 5. e5 Nfd7 6. Bxe7 Qxe7 7. f4 a6 8. Nf3 c5 9. dxc5 Nxc5 10. Qd2 b5 11. a3 Bb7 12. Be2 Ne4 13. Nxe4 dxe4 14. Nd4 Nd7 15. 0-0 Rd8 16. c3 Nc5 17. Qe3 Qc7 18. Rac1 Na4 19. c4 Nxb2 20. cxb5 Qb6 21. bxa6 Bxa6 22. Bxa6 Qxa6 23. Nc6 Rd7 24. Nb8 Qd3 25. Rc8+ Rd8 26. Qc5 Rxc8 27. Qxc8+ Qd8 28. Qc6+ Kf8 29. Qc5+ Kg8 30. Nc6 Na4 31. Qa7 1-0

[Event "IECG CE.2003.0.00051 email"]
[Site "IECG email"]
[Date "2003.04.22"]
[Round "?"]
[White "Sturdivant, Al"]
[Black "Kluwe, Matthias"]
[Result "1/2-1/2"]
[WhiteElo "1331"]
[BlackElo "1295"]
[PlyCount "73"]
[EventDate "2003.04.22"]
[EventType "tourn (corr)"]
[EventRounds "6"]
[SourceTitle "Corr 2008"]
[Source "ChessBase"]
[SourceDate "2008.06.24"]
[SourceVersion "1"]
[SourceVersionDate "2008.06.24"]
[SourceQuality "1"]

1. e4 g6 2. d4 d6 3. Bc4 Nf6 4. Nc3 c6 5. Bb3 Bg7 6. Nf3 0-0 7. 0-0 Bg4 8. h3 Bxf3 9. Qxf3 Nbd7 10. Be3 b5 11. Rad1 a5 12. e5 dxe5 13. Qxc6 b4 14. dxe5 Nxe5 15. Qb5 Qb8 16. Qxb8 Raxb8 17. Bf4 Nh5 18. Bxe5 Bxe5 19. Nd5 e6 20. Ne7+ Kg7 21. Nc6 Rb5 22. Nxe5 Rxe5 23. Rd4 Ra8 24. Rfd1 Nf6 25. a3 bxa3 26. bxa3 Rc8 27. f3 Rc3 28. R1d3 Rxd3 29. Rxd3 Rc5 30. Kf2 h5 31. g4 Kf8 32. Ke3 Ke7 33. Kd4 Nd7 34. Re3 Kd6 35. c4 Nb6 36. Ba2 e5+ 37. Kd3 1/2-1/2

[Event "IECG CP.2001.P.00052"]
[Site "IECG email"]
[Date "2001.10.01"]
[Round "?"]
[White "Simon, Holger"]
[Black "Sturdivant, Al"]
[Result "1-0"]
[WhiteElo "1896"]
[BlackElo "1110"]
[PlyCount "48"]
[EventDate "2001.10.01"]
[EventType "tourn (corr)"]
[EventRounds "6"]
[SourceTitle "Corr 2008"]
[Source "ChessBase"]
[SourceDate "2008.06.24"]
[SourceVersion "1"]
[SourceVersionDate "2008.06.24"]
[SourceQuality "1"]

1. d4 d5 2. c4 dxc4 3. Nf3 c5 4. e3 cxd4 5. Bxc4 Nc6 6. exd4 Nf6 7. 0-0 Bg4 8. d5 Bxf3 9. Qxf3 Ne5 10. Bb5+ Nfd7 11. Qe2 a6 12. Ba4 b5 13. Bb3 Rc8 14. a4 Qa5 15. Bd2 Qb6 16. Na3 Nc5 17. Ba2 b4 18. Nc4 Nxc4 19. Bxc4 g6 20. Rfe1 Rb8 21. Bf4 Rd8 22. a5 Qa7 23. Qe5 Rg8 24. Qf6 Qd7 1-0

[Event "IECG RF.2001.0.00003"]
[Site "IECG email"]
[Date "2001.09.16"]
[Round "?"]
[White "Feng, Jason"]
[Black "Sturdivant, Al"]
[Result "1/2-1/2"]
[WhiteElo "1023"]
[BlackElo "1110"]
[PlyCount "64"]
[EventDate "2001.09.16"]
[EventType "tourn (corr)"]
[EventRounds "6"]
[SourceTitle "Corr 2008"]
[Source "ChessBase"]
[SourceDate "2008.06.24"]
[SourceVersion "1"]
[SourceVersionDate "2008.06.24"]
[SourceQuality "1"]

1. e4 e5 2. Nf3 Nc6 3. Bc4 Bc5 4. b4 Bxb4 5. c3 Ba5 6. d4 exd4 7. 0-0 dxc3 8. Qb3 Qe7 9. Nxc3 Bxc3 10. Qxc3 Nf6 11. Ba3 d6 12. e5 Ne4 13. Qb2 Nxe5 14. Nxe5 Qxe5 15. Rfe1 Qxb2 16. Bxb2 Bf5 17. Bd5 0-0-0 18. Bxe4 Bxe4 19. Rxe4 d5 20. Re7 Rd7 21. Bxg7 Rxe7 22. Bxh8 c5 23. Kf1 Kd7 24. Re1 d4 25. Rxe7+ Kxe7 26. Ke2 Kd6 27. Kd3 Kd5 28. f3 c4+ 29. Kd2 Kc5 30. Bf6 b5 31. Be7+ Kd5 32. a3 f5 1/2-1/2

[Event "IECG RF.2001.0.00003"]
[Site "IECG email"]
[Date "2001.09.16"]
[Round "?"]
[White "Sturdivant, Al"]
[Black "Noack, Mario"]
[Result "0-1"]
[WhiteElo "1110"]
[BlackElo "800"]
[PlyCount "69"]
[EventDate "2001.09.16"]
[EventType "tourn (corr)"]
[EventRounds "6"]
[SourceTitle "Corr 2008"]
[Source "ChessBase"]
[SourceDate "2008.06.24"]
[SourceVersion "1"]
[SourceVersionDate "2008.06.24"]
[SourceQuality "1"]

1. e4 c5 2. Nf3 d6 3. d4 cxd4 4. Nxd4 Nf6 5. Nc3 a6 6. Bc4 e6 7. Bb3 b5 8. f3 Be7 9. 0-0 0-0 10. Be3 Bb7 11. Bxe6 fxe6 12. Nxe6 Qc8 13. Nxf8 Qxf8 14. a4 b4 15. Ne2 Nc6 16. Nf4 Qf7 17. Qd2 a5 18. Rfd1 g5 19. Nd5 Nxd5 20. exd5 Ne5 21. Bxg5 Qg7 22. f4 Bxg5 23. fxg5 Nc4 24. Qd4 Qxd4+ 25. Rxd4 Nxb2 26. Re1 Nxa4 27. Re7 Nc5 28. Rh4 Bxd5 29. Rhxh7 Ne6 30. g6 a4 31. h4 a3 32. Ra7 Rxa7 33. Rxa7 a2 34. Kf2 Nd4 35. h5 0-1

[Event "IECG CF.2001.0.00007 email"]
[Site "IECG email"]
[Date "2001.07.18"]
[Round "?"]
[White "Sturdivant, Al"]
[Black "Kyllo, Richard"]
[Result "1-0"]
[WhiteElo "1102"]
[BlackElo "1006"]
[PlyCount "49"]
[EventDate "2001.07.18"]
[EventType "tourn (corr)"]
[EventRounds "6"]
[SourceTitle "Corr 2008"]
[Source "ChessBase"]
[SourceDate "2008.06.24"]
[SourceVersion "1"]
[SourceVersionDate "2008.06.24"]
[SourceQuality "1"]

1. e4 c5 2. Nf3 e6 3. Nc3 Nc6 4. d4 cxd4 5. Nxd4 Qc7 6. Ncb5 Qb8 7. Bg5 a6 8. Nc3 h6 9. Bh4 Bc5 10. Bg3 Qa7 11. Nb3 Nge7 12. Nxc5 Qxc5 13. Bd6 Qg5 14. f4 Qg6 15. Qd3 Qg4 16. h3 Qh5 17. Be2 Qg6 18. 0-0 b5 19. Rad1 0-0 20. f5 Qf6 21. fxe6 Qxe6 22. Bg4 Qc4 23. Qxc4 bxc4 24. Nd5 Rd8 25. Bxe7 1-0

[Event "IECG RF.2001.0.00001"]
[Site "IECG email"]
[Date "2001.05.06"]
[Round "?"]
[White "Feng, Jason"]
[Black "Sturdivant, Al"]
[Result "0-1"]
[WhiteElo "1036"]
[BlackElo "1021"]
[PlyCount "88"]
[EventDate "2001.05.06"]
[EventType "tourn (corr)"]
[EventRounds "6"]
[SourceTitle "Corr 2008"]
[Source "ChessBase"]
[SourceDate "2008.06.24"]
[SourceVersion "1"]
[SourceVersionDate "2008.06.24"]
[SourceQuality "1"]

1. e4 e5 2. Nf3 Nf6 3. Bc4 Nxe4 4. Qe2 d5 5. d3 dxc4 6. Qxe4 f6 7. Qxc4 Qd6 8. Nc3 Be6 9. Qb5+ Qc6 10. Qxc6+ Nxc6 11. 0-0 Bg4 12. Ne1 0-0-0 13. Be3 Bb4 14. f3 Be6 15. a3 Be7 16. f4 Nd4 17. fxe5 fxe5 18. Bxd4 exd4 19. Ne4 Rhf8 20. Rxf8 Rxf8 21. Nf3 c5 22. Re1 Kd7 23. Ne5+ Kc7 24. Nc4 b5 25. Ncd2 Bd5 26. Rf1 Re8 27. Re1 Bg5 28. Nf3 Be3+ 29. Nf2 Rf8 30. Re2 Bxf3 31. gxf3 Rxf3 32. Kg2 Rxf2+ 33. Rxf2 Bxf2 34. Kxf2 Kd6 35. Kf3 Ke5 36. Kg4 a5 37. b3 b4 38. a4 h6 39. h4 g6 40. Kg3 Kf5 41. Kf3 g5 42. hxg5 hxg5 43. Kg3 g4 44. Kg2 Kf4 0-1

[Event "IECG CF.2001.0.00001 email"]
[Site "IECG email"]
[Date "2001.04.23"]
[Round "?"]
[White "Chester, Ian"]
[Black "Sturdivant, Al"]
[Result "1/2-1/2"]
[WhiteElo "1102"]
[BlackElo "1021"]
[PlyCount "112"]
[EventDate "2001.04.23"]
[EventType "tourn (corr)"]
[EventRounds "6"]
[SourceTitle "Corr 2008"]
[Source "ChessBase"]
[SourceDate "2008.06.24"]
[SourceVersion "1"]
[SourceVersionDate "2008.06.24"]
[SourceQuality "1"]

1. e4 e5 2. Nf3 Nf6 3. Nxe5 d6 4. Nf3 Nxe4 5. d4 d5 6. Bd3 Bd6 7. 0-0 0-0 8. c4 Re8 9. Nc3 Nxc3 10. bxc3 c6 11. cxd5 cxd5 12. Qc2 h6 13. Rb1 b6 14. Bb2 Bg4 15. Ne5 Bxe5 16. dxe5 Rxe5 17. c4 Rh5 18. Qc3 d4 19. Qxd4 Qxd4 20. Bxd4 Nc6 21. Be3 Rd8 22. Be4 Nd4 23. f3 Ne2+ 24. Kf2 Nc3 25. Rbc1 Nxe4+ 26. fxe4 Rc8 27. h3 Be6 28. a3 Ra5 29. Rc3 Rxc4 30. Rxc4 Bxc4 31. Rc1 Bd3 32. Rc3 Bxe4 33. g4 f5 34. Kg3 g5 35. gxf5 Bxf5 36. h4 Be6 37. hxg5 hxg5 38. Bc1 Kf7 39. Rf3+ Kg6 40. Re3 Kf6 41. Rf3+ Rf5 42. Rxf5+ Kxf5 43. Bd2 b5 44. Kf3 Bd5+ 45. Ke3 Kg4 46. Kd4 Bc4 47. Be3 Kh4 48. Kc3 a6 49. Kb4 g4 50. Ka5 Kh3 51. Kxa6 b4+ 52. Ka5 b3 53. Bd4 Kg3 54. Kb4 Bf7 55. Kc3 Kf3 56. a4 Ke4 1/2-1/2

[Event "IECG CN.2001.0.00234"]
[Site "IECG email"]
[Date "2001.02.04"]
[Round "?"]
[White "Johnson, Robert K"]
[Black "Sturdivant, Al"]
[Result "0-1"]
[WhiteElo "800"]
[BlackElo "800"]
[PlyCount "74"]
[EventDate "2001.02.04"]
[EventType "tourn (corr)"]
[EventRounds "6"]
[SourceTitle "Corr 2008"]
[Source "ChessBase"]
[SourceDate "2008.06.24"]
[SourceVersion "1"]
[SourceVersionDate "2008.06.24"]
[SourceQuality "1"]

1. e4 e5 2. Nf3 Nf6 3. c3 Nxe4 4. Qe2 d5 5. Nxe5 Bd6 6. d3 Bxe5 7. dxe4 0-0 8. Qd3 dxe4 9. Qxd8 Rxd8 10. Be2 Nc6 11. 0-0 Be6 12. a3 Na5 13. Nd2 f5 14. f4 Bf6 15. g4 e3 16. Nf3 fxg4 17. Bxe3 gxf3 18. Bxf3 Nc4 19. Rae1 Bh3 20. Bg2 Bxg2 21. Kxg2 Nxb2 22. Rb1 Nc4 23. Rfe1 Bxc3 24. Re2 Re8 25. Kf3 Rxe3+ 26. Rxe3 Nd2+ 27. Kg4 Nxb1 28. h4 b5 29. f5 c5 30. Re6 Nxa3 31. h5 c4 32. h6 b4 33. Ra6 Bd2 34. hxg7 c3 35. f6 c2 36. Rc6 c1Q 37. Rxc1 Bxc1 0-1

[Event "IECG RN.2001.0.00002"]
[Site "IECG email"]
[Date "2001.02.04"]
[Round "?"]
[White "Sturdivant, Al"]
[Black "Barranco, Diego"]
[Result "1-0"]
[WhiteElo "800"]
[BlackElo "800"]
[PlyCount "29"]
[EventDate "2001.02.04"]
[EventType "tourn (corr)"]
[EventRounds "6"]
[SourceTitle "Corr 2008"]
[Source "ChessBase"]
[SourceDate "2008.06.24"]
[SourceVersion "1"]
[SourceVersionDate "2008.06.24"]
[SourceQuality "1"]

1. e4 e5 2. d4 exd4 3. Qxd4 Nc6 4. Qa4 Nf6 5. Bb5 Qe7 6. Nc3 Qb4 7. a3 Qxa4 8. Bxa4 Be7 9. Nf3 0-0 10. e5 Ng4 11. Bxc6 bxc6 12. h3 Nh6 13. Bxh6 gxh6 14. g4 f6 15. 0-0-0 1-0

[Event "IECG RN.2001.0.00002"]
[Site "IECG email"]
[Date "2001.02.04"]
[Round "?"]
[White "Sturdivant, Al"]
[Black "Pishun, Dennis"]
[Result "1-0"]
[WhiteElo "800"]
[BlackElo "800"]
[PlyCount "71"]
[EventDate "2001.02.04"]
[EventType "tourn (corr)"]
[EventRounds "6"]
[SourceTitle "Corr 2008"]
[Source "ChessBase"]
[SourceDate "2008.06.24"]
[SourceVersion "1"]
[SourceVersionDate "2008.06.24"]
[SourceQuality "1"]

1. e4 e5 2. Nf3 Qe7 3. Bc4 Nf6 4. d3 g6 5. Nc3 Bg7 6. 0-0 0-0 7. Bg5 h6 8. Nd5 Qd6 9. Nxf6+ Bxf6 10. Bxh6 Re8 11. Qc1 Nc6 12. Ng5 Nd4 13. Bxf7+ Kh8 14. Bxe8 Ne2+ 15. Kh1 Nxc1 16. Nf7+ Kh7 17. Nxd6 Kxh6 18. Nf7+ Kg7 19. Raxc1 Kf8 20. Nxe5 Bxe5 21. Bxg6 Bxb2 22. Rb1 Bf6 23. f4 d6 24. e5 Kg7 25. Be4 dxe5 26. Bxb7 Bxb7 27. Rxb7 Rc8 28. Rxa7 Kg6 29. f5+ Kg5 30. h3 c5 31. Ra6 c4 32. h4+ Kxh4 33. Rxf6 Kg5 34. Rg6+ Kh5 35. Rf3 cxd3 36. Rh3# 1-0

[Event "IECG CN.2000.0.00215"]
[Site "IECG email"]
[Date "2000.10.03"]
[Round "?"]
[White "Brozio, Michael"]
[Black "Sturdivant, Al"]
[Result "1-0"]
[WhiteElo "800"]
[BlackElo "800"]
[PlyCount "171"]
[EventDate "2000.10.03"]
[EventType "tourn (corr)"]
[EventRounds "6"]
[SourceTitle "Corr 2008"]
[Source "ChessBase"]
[SourceDate "2008.06.24"]
[SourceVersion "1"]
[SourceVersionDate "2008.06.24"]
[SourceQuality "1"]

1. e4 e5 2. Nf3 Nf6 3. Bc4 Nxe4 4. Nc3 Nd6 5. Bb3 e4 6. Qe2 f5 7. d3 Qe7 8. Nd5 exf3 9. Nxc7+ Kd8 10. Qxe7+ Bxe7 11. Nxa8 fxg2 12. Rg1 b6 13. Bd5 Nc6 14. Bxg2 Bb7 15. Bxc6 dxc6 16. Nxb6 axb6 17. Rxg7 Ne8 18. Rg1 Bd6 19. Be3 c5 20. h4 Bf3 21. Kf1 Bh2 22. Rg5 Rf8 23. Re1 Bd6 24. b4 cxb4 25. Bxb6+ Kd7 26. Ba5 Bd5 27. Rb1 Rf6 28. c4 bxc3 29. Bxc3 Rh6 30. Rxf5 Rxh4 31. Rb2 Nc7 32. Ke2 Ne6 33. Kd2 Nf4 34. Kc2 Rh2 35. Bd4 Ke6 36. Rg5 h6 37. Rg8 Bc6 38. Be3 Ba4+ 39. Kd2 Rh1 40. d4 Rd1+ 41. Kc3 Nd5+ 42. Kc4 Ne7 43. Rd8 Bc7 44. Rh8 Nf5 45. Re2 Kf6 46. Ra8 Bd7 47. Ra6+ Be6+ 48. Kc3 Bd6 49. Rb2 h5 50. Rbb6 Ke7 51. Bg5+ Kd7 52. Rb7+ Kc8 53. Rh7 Kb8 54. Rxd6 Nxd6 55. Bf4 Rf1 56. Bxd6+ Kc8 57. Rxh5 Bxa2 58. Bg3 Bb1 59. Rg5 Rc1+ 60. Kd2 Rc2+ 61. Ke3 Rc3+ 62. Kf4 Rc7 63. d5 Rh7 64. Ke3 Kd7 65. Be5 Rf7 66. f4 Bh7 67. Kd4 Bf5 68. Bf6 Rxf6 69. Ke5 Rf7 70. Rxf5 Re7+ 71. Kf6 Kd6 72. Rg5 Ra7 73. f5 Ra6 74. Kf7 Ra7+ 75. Kg6 Kxd5 76. f6+ Ke6 77. Rb5 Ra4 78. Rb6+ Kd7 79. f7 Rg4+ 80. Kf5 Rg1 81. Rb7+ Kc6 82. Rb4 Rf1+ 83. Rf4 Rxf4+ 84. Kxf4 Kd6 85. f8Q+ Kd5 86. Qf6 1-0

[Event "IECG CN.2000.0.00215"]
[Site "IECG email"]
[Date "2000.10.03"]
[Round "?"]
[White "De Nuccio, Stefano"]
[Black "Sturdivant, Al"]
[Result "0-1"]
[WhiteElo "800"]
[BlackElo "800"]
[PlyCount "72"]
[EventDate "2000.10.03"]
[EventType "tourn (corr)"]
[EventRounds "6"]
[SourceTitle "Corr 2008"]
[Source "ChessBase"]
[SourceDate "2008.06.24"]
[SourceVersion "1"]
[SourceVersionDate "2008.06.24"]
[SourceQuality "1"]

1. Nf3 d5 2. d4 Nf6 3. c4 dxc4 4. e3 b5 5. a4 c6 6. axb5 e6 7. bxc6 Nxc6 8. Bxc4 Bd6 9. Nc3 a5 10. Bb5 Bb7 11. 0-0 0-0 12. e4 Bb4 13. Bg5 h6 14. Bxf6 Qxf6 15. e5 Qd8 16. d5 Na7 17. dxe6 Nxb5 18. exf7+ Rxf7 19. Nxb5 Ba6 20. Nbd4 Bxf1 21. Qxf1 Rc8 22. Rd1 Rfc7 23. e6 Qf6 24. h3 g6 25. Nh2 h5 26. Nhf3 h4 27. g3 hxg3 28. fxg3 Bc5 29. Kg2 a4 30. h4 Rb8 31. Qe2 Bxd4 32. Nxd4 Rb4 33. Kh2 Kh7 34. Nb5 Rxb5 35. Qxb5 Rc2+ 36. Kh1 Qf3+ 0-1

[Event "IECG CN.2000.0.00215"]
[Site "IECG email"]
[Date "2000.10.03"]
[Round "?"]
[White "Sturdivant, Al"]
[Black "Vielhuber, David"]
[Result "1-0"]
[WhiteElo "800"]
[BlackElo "800"]
[PlyCount "113"]
[EventDate "2000.10.03"]
[EventType "tourn (corr)"]
[EventRounds "6"]
[SourceTitle "Corr 2008"]
[Source "ChessBase"]
[SourceDate "2008.06.24"]
[SourceVersion "1"]
[SourceVersionDate "2008.06.24"]
[SourceQuality "1"]

1. e4 e5 2. Bb5 c6 3. Be2 d5 4. exd5 cxd5 5. d4 e4 6. c4 Bb4+ 7. Nc3 Nf6 8. a3 Ba5 9. b4 Bb6 10. cxd5 0-0 11. Bg5 Re8 12. f3 e3 13. Ne4 Nbd7 14. Bb5 a6 15. Ba4 Ba7 16. Bxf6 gxf6 17. Nd6 Re7 18. Nf5 Re8 19. f4 Kh8 20. Qh5 b5 21. Qxf7 Rg8 22. Bc2 Qc7 23. Nxe3 Rg7 24. Qe8+ Rg8 25. Qe4 Rg7 26. Ne2 Bb7 27. Nf5 Rg6 28. Bb3 Nb6 29. Qe6 Qd8 30. Nd6 Qb8 31. f5 Rg7 32. Rc1 Qf8 33. Nxb7 Rxb7 34. Rc6 Kg7 35. Nf4 Re7 36. 0-0 Nd7 37. d6 Bxd4+ 38. Kh1 Rxe6 39. Nxe6+ Kg8 40. Nxf8+ Kxf8 41. Rf4 Re8 42. Be6 Ne5 43. Rc7 Be3 44. Rxh7 Bxf4 45. Rh8+ Kg7 46. Rxe8 Nc6 47. d7 a5 48. Rc8 Nd8 49. bxa5 Nb7 50. a6 Nd8 51. Rxd8 Bc7 52. Rg8+ Kh7 53. a7 b4 54. a8Q Bb8 55. d8Q Be5 56. Rh8+ Kg7 57. Qd7# 1-0

[Event "IECG QN.2000.0.00142"]
[Site "IECG email"]
[Date "2000.09.19"]
[Round "?"]
[White "Murtinho de Moraes, Bruno"]
[Black "Sturdivant, Al"]
[Result "1/2-1/2"]
[WhiteElo "800"]
[BlackElo "800"]
[PlyCount "96"]
[EventDate "2000.09.19"]
[EventType "tourn (corr)"]
[EventRounds "6"]
[SourceTitle "Corr 2008"]
[Source "ChessBase"]
[SourceDate "2008.06.24"]
[SourceVersion "1"]
[SourceVersionDate "2008.06.24"]
[SourceQuality "1"]

1. d4 d5 2. c4 dxc4 3. Nc3 c6 4. Nf3 b5 5. e4 Bg4 6. Be2 Nf6 7. h3 Bh5 8. 0-0 Nbd7 9. a4 Bxf3 10. Bxf3 b4 11. e5 bxc3 12. exf6 cxb2 13. fxg7 Bxg7 14. Bxb2 Rb8 15. Ra2 c5 16. Qa1 cxd4 17. Bxd4 Bxd4 18. Qxd4 Rg8 19. Qxa7 Qb6 20. Qxb6 Rxb6 21. Rc1 Ne5 22. Bd5 Rb4 23. a5 e6 24. Be4 f5 25. Bxf5 exf5 26. Re2 Rb5 27. f4 Rxa5 28. Rxc4 Ra2 29. Rc8+ Kd7 30. Rxa2 Rxc8 31. fxe5 Ke6 32. Ra5 Rc2 33. Ra7 f4 34. Rxh7 Kxe5 35. Rb7 Rc6 36. Rb2 Rg6 37. Kf2 Ra6 38. Kf3 Ra3+ 39. Ke2 Rg3 40. Kf2 Rg6 41. h4 Kf5 42. h5 Re6 43. Rb8 Kg4 44. Rh8 Kg5 45. Rh7 Kg4 46. Rg7+ Kxh5 47. Kf3 Rf6 48. Ke4 Rf8 1/2-1/2

[Event "IECG QN.2000.0.00142"]
[Site "IECG email"]
[Date "2000.09.19"]
[Round "?"]
[White "Sturdivant, Al"]
[Black "Bursian, Arnold"]
[Result "0-1"]
[WhiteElo "800"]
[BlackElo "800"]
[PlyCount "116"]
[EventDate "2000.09.19"]
[EventType "tourn (corr)"]
[EventRounds "6"]
[SourceTitle "Corr 2008"]
[Source "ChessBase"]
[SourceDate "2008.06.24"]
[SourceVersion "1"]
[SourceVersionDate "2008.06.24"]
[SourceQuality "1"]

1. e4 e5 2. d4 exd4 3. Qxd4 Nc6 4. Qa4 Nf6 5. Nf3 Bb4+ 6. c3 Bc5 7. Bb5 0-0 8. 0-0 Re8 9. Bg5 h6 10. Bxf6 Qxf6 11. Nbd2 a6 12. Nb3 Ba7 13. Bxc6 dxc6 14. Qb4 c5 15. Nxc5 Qd6 16. Nb3 Qxb4 17. cxb4 Rxe4 18. Rfe1 Rxe1+ 19. Rxe1 Be6 20. h4 Bxb3 21. axb3 Rd8 22. Re7 Kf8 23. Re2 Rd1+ 24. Kh2 c6 25. Nd2 Bb8+ 26. g3 Bd6 27. b5 axb5 28. Kg2 g6 29. g4 Be5 30. Ne4 Rb1 31. Nc5 Bxb2 32. Nd7+ Kg7 33. Re3 b4 34. h5 Bc3 35. Re7 Bd4 36. g5 gxh5 37. gxh6+ Kxh6 38. Rxf7 Rxb3 39. Nf8 Rb2 40. Rh7+ Kg5 41. Ne6+ Kg6 42. Rxb7 Rxf2+ 43. Kg3 Rd2 44. Rxb4 Be5+ 45. Kf3 Kf5 46. Nc5 Rd5 47. Rc4 h4 48. Nb7 h3 49. Rc1 Rd3+ 50. Ke2 Ra3 51. Kf2 Bd4+ 52. Ke2 Kg4 53. Nd6 Ra2+ 54. Kd3 c5 55. Nc4 h2 56. Rh1 Kg3 57. Ke4 Kg2 58. Rxh2+ Kxh2 0-1

[Event "IECG QN.2000.0.00142"]
[Site "IECG email"]
[Date "2000.09.19"]
[Round "?"]
[White "Sturdivant, Al"]
[Black "Murtinho de Moraes, Bruno"]
[Result "1/2-1/2"]
[WhiteElo "800"]
[BlackElo "800"]
[PlyCount "91"]
[EventDate "2000.09.19"]
[EventType "tourn (corr)"]
[EventRounds "6"]
[SourceTitle "Corr 2008"]
[Source "ChessBase"]
[SourceDate "2008.06.24"]
[SourceVersion "1"]
[SourceVersionDate "2008.06.24"]
[SourceQuality "1"]

1. e4 Nf6 2. Nc3 e5 3. Bb5 c6 4. Be2 Qe7 5. Nf3 g6 6. d4 d6 7. 0-0 Bg4 8. h3 Bxf3 9. Bxf3 Bg7 10. Bg5 Nbd7 11. d5 c5 12. Bg4 h6 13. Bh4 0-0 14. Be2 Rac8 15. b3 a6 16. a4 c4 17. Bxf6 Bxf6 18. bxc4 Nb6 19. Rb1 Nxc4 20. Bxc4 Rxc4 21. Rb3 Bg5 22. Qd3 Rd4 23. Qe2 Rc8 24. Rfb1 Qf6 25. Rd1 Rdc4 26. Rd3 Qe7 27. Qg4 f5 28. Qf3 fxe4 29. Nxe4 Rxc2 30. Nxg5 hxg5 31. Rbc3 Rc1+ 32. Rxc1 Rxc1+ 33. Rd1 e4 34. Qe2 Rxd1+ 35. Qxd1 Kf7 36. Qb3 Kf6 37. Qb2+ Qe5 38. Qxb7 e3 39. Qa8 Qa1+ 40. Kh2 Qe5+ 41. g3 Qf5 42. Qh8+ Kf7 43. Qh7+ Kf6 44. Qh8+ Kf7 45. Qh7+ Kf6 46. Qh8+ 1/2-1/2